Top 10 Soccer Players With The Most Assists - Statistics

General Stats
  • This quiz has been taken 87 times
  • The average score is 4 of 10
Answer Stats
Hint Answer % Correct
2. Messi
99%
9. Ronaldo
85%
3. Pelé
55%
6. Suárez
38%
5. Müller
35%
10. Dí Maria
30%
1. Puskás
23%
4. Cruyff
21%
8. Giggs
17%
7. Figo
14%
No matching quizzes found
Score Distribution
Percent of People with Each Score
Percentile by Number Answered
Your Score History
You have not taken this quiz